| 000 | 00570nam a22001817a 4500 | ||
|---|---|---|---|
| 999 |
_c165175 _d165175 |
||
| 005 | 20190611125108.0 | ||
| 010 | _aENG-125488 | ||
| 020 | _c200.00 | ||
| 035 | _aEN-1090120 | ||
| 037 | _bDBAD/PUB | ||
| 082 | _a220.24 | ||
| 100 | _aRaghavendran, T.S. | ||
| 245 |
_aMandukyopanishat/ _bT.S. Raghavendran |
||
| 260 |
_aTiruchanur, _c2019 _bSriman Madhva Siddhanta Onnahini Sabha |
||
| 270 |
_aSriman Madhva Siddhanta Onnahini Sabha. (Near Tirupati A P). _bTiruchanur _e517 503 |
||
| 300 |
_axxxviii,108p. _c21cm(pbk) |
||
| 942 |
_2ddc _cEN _h220.24 _mRAG |
||